Lal's encyclopaedia on environment protection and pollution laws : along with allied laws, state acts, rules, notifications and latest amendments Vol.2 (Record no. 280459)
[ view plain ]
| 000 -LEADER | |
|---|---|
| fixed length control field | 00558nam a2200181Ia 4500 |
| 005 - DATE AND TIME OF LATEST TRANSACTION | |
| control field | 20250609095902.0 |
| 008 - FIXED-LENGTH DATA ELEMENTS--GENERAL INFORMATION | |
| fixed length control field | 240126s9999 xx 000 0 und d |
| 020 ## - INTERNATIONAL STANDARD BOOK NUMBER | |
| International Standard Book Number | 9788186976784 |
| 082 ## - DEWEY DECIMAL CLASSIFICATION NUMBER | |
| Classification number | 344.046 POD;2 R |
| 100 ## - MAIN ENTRY--PERSONAL NAME | |
| Personal name | Poddar, Alpana. |
| 245 #0 - TITLE STATEMENT | |
| Title | Lal's encyclopaedia on environment protection and pollution laws : along with allied laws, state acts, rules, notifications and latest amendments Vol.2 |
| 250 ## - EDITION STATEMENT | |
| Edition statement | 5th ed. |
| 260 ## - PUBLICATION, DISTRIBUTION, ETC. (IMPRINT) | |
| Name of publisher, distributor, etc. | Delhi Law House |
| Place of publication, distribution, etc. | New Delhi |
| 300 ## - PHYSICAL DESCRIPTION | |
| Extent | I, 3385+I78 |
| 440 ## - SERIES STATEMENT/ADDED ENTRY--TITLE | |
| Title | NULL |
| 650 ## - SUBJECT ADDED ENTRY--TOPICAL TERM | |
| Topical term or geographic name as entry element | 123 |
| 942 ## - ADDED ENTRY ELEMENTS (KOHA) | |
| Koha item type | Law Books |
| Date last seen | Total Checkouts | Full call number | Accession number | Old discount | Volume/Issue Number | Date checked out | Cost, replacement price | Price effective from | Category | Lost status | Source of classification or shelving scheme | Damaged status | Department | Withdrawn status | bill no. | Permanent Location | Current Location | Shelving location | Entry date | Vendor | Cost, normal purchase price | Grants | Currency symbol | Conversion rate | Discount | Discount type |
|---|---|---|---|---|---|---|---|---|---|---|---|---|---|---|---|---|---|---|---|---|---|---|---|---|---|---|
| 15/04/2026 | 2 | 344.046 POD;2 R | LL129 | 25 | (08/07/1905) | 15/04/2026 | 2250.00 | 26/01/2024 | Law Books | Dewey Decimal Classification | LAW | 8201/I | Law Library | Law Library | 18/02/2017 | Puliani & Puliani | 3000.00 | Law | RS | 1 | 750 | Rupees |
